000 00442 a2200133 4500
001 ART_44825
005 20260410162005.0
008 260409a
245 1 0 _aObservatorio de política Latin America's response to China and India
100 1 _aLederman, Daniel
700 1 _aOlarreaga, Marcelo
700 1 _aPerry, Guillermo E.
773 0 _tRevista de economía y estadística
_g- Vol. XLV, Nº 1 (oct. 2007)
_wREV34359
999 _c31600
_d31600